书目信息 |
| 题名: |
历史·影视·教育
|
|
| 作者: | 叶永广 著 | |
| 分册: | ||
| 出版信息: | 上海 学林出版社 2004 |
|
| 页数: | 353页 | |
| 开本: | 21cm | |
| 丛书名: | ||
| 单 册: | ||
| 中图分类: | G633.512 | |
| 科图分类: | ||
| 主题词: | 历史课--教学研究--中学 , 教学研究 | |
| 电子资源: | ||
| ISBN: | 7-80668-727-0 | |
| 000 | 00806nam0 2200253 45 | |
| 001 | 0900000036281 | |
| 005 | 20060105143116.28 | |
| 010 | @a7-80668-727-0@dCNY15.00 | |
| 092 | @aCN | |
| 100 | @a20050705d2004 ekmy0chiy0120 ea | |
| 101 | 0 | @achi |
| 102 | @aCN@b310000 | |
| 105 | @ay z 000yy | |
| 200 | 1 | @a历史·影视·教育@9li shi· ying shi· jiao yu@f叶永广著@Fye yong guang zhu |
| 210 | @a上海@c学林出版社@d2004 | |
| 215 | @a353页@d21cm | |
| 330 | @a本书分为感悟篇、实践篇两部分,收录了《影视信息与历史教学的关系》、《影视创境型启探模式》、《中学历史教学中的人格教育》等论文。 | |
| 606 | 0 | @a历史课@x教学研究@x中学 |
| 606 | 0 | @a教学研究 |
| 690 | @aG633.512@v4 | |
| 701 | 0 | @a叶永广@Aye yong guang@4著 |
| 801 | 0 | @aCN@bCXYBOOK@c20060105 |
| 905 | @a10447@dG633.512@e190 | |
| 999 | @aAFJ@eJDD | |
| 历史·影视·教育/叶永广著.-上海:学林出版社,2004 |
| 353页;21cm |
| ISBN 7-80668-727-0:CNY15.00 |
| 本书分为感悟篇、实践篇两部分,收录了《影视信息与历史教学的关系》、《影视创境型启探模式》、《中学历史教学中的人格教育》等论文。 |
| ● |
| 相关链接 |
|
|
|
|
正题名:历史·影视·教育
索取号:G633.512/190
 
预约/预借
| 序号 | 登录号 | 条形码 | 馆藏地/架位号 | 状态 | 备注 |
| 1 | 0373835 | 203738358 | 第一样本阅览室/ [索取号:G633.512/190] | 在馆 | |
| 2 | 0373836 | 203738367 | 第四借阅区/ [索取号:G633.512/190] | 在馆 | |
| 3 | 0373837 | 203738376 | 第四借阅区/ [索取号:G633.512/190] | 在馆 | |
| 4 | 0373838 | 203738385 | 第四借阅区/ [索取号:G633.512/190] | 在馆 | |
| 5 | 0373839 | 203738394 | 第四借阅区/ [索取号:G633.512/190] | 在馆 |